METAFORA U METZA

Bibliographic Details
Main Author: Ciel, Martin, 1963- (Author)
Format: Article
Language:Slovak

MARC

LEADER 00000nab a2200000uu 4500
001 vtls010915026
003 SK-MaSNL
005 20260303150517.0
008 230222|1993 xo |||||||||||||||||slo|
015 |a SNBRB 
035 |a (urnnbn)urn:nbn:sk:snk:ar-a09d05 
035 |a (uuid)a9a62841-81e5-44a8-aae5-fe654343f98f 
035 |a urn:nbn:sk:snk-ab93et 
040 |a SNKBUCL  |b slo  |c SNKBUCL  |e AACR2 
041 0 |a slo 
044 |a xo  |c SK 
100 1 |a Ciel, Martin,  |d 1963-  |4 aut  |9 105586 
245 1 0 |a METAFORA U METZA  |c Martin Ciel 
773 0 |t Slovenské divadlo : revue dramatických umení  |g Roč. 41, č. 4 (1993), s. [370]-373 
954 |a odborná, vedecká literatúra pôvodná (slovenská)  |2 lita 
958 |a OND 
958 |a EUIPO 
958 |a article10 
999 |c 2011197  |d 2013127